000 00958nam a22002777i 4500
003 EG-ScBUE
005 20251130095646.0
008 200219s2025 gw f b 001 0 eng d
020 _a9783111446561
040 _aEG-ScBUE
_beng
_erda
_cEG-ScBUE
_dEG-ScBUE
082 0 4 _a320.15
_222
_bMIH
100 1 _aMihatsch, Moritz A.
_q(Moritz Anselm),
_d1981-
_eauthor.
245 1 0 _aShifting sovereignties :
_ba global history of a concept in practice /
_cMoritz Mihatsch, Michael Mulligan.
264 1 _aBerlin :
_bDe Gruyter Oldenbourg,
_c2025.
300 _a394 pages ;
_c23 cm
336 _atext
_2rdacontent
_btxt
337 _aunmediated
_2rdamedia
_bn
338 _avolume
_2rdacarrier
_bnc
504 _aIncludes bibliographical references and index.
650 7 _aSovereignty.
_2BUEsh
650 7 _aSovereignty
_xHistory.
_2BUEsh
655 _vReading book
700 1 _aMulligan, Michael,
_eauthor.
942 _2ddc
_cBB
999 _c31027
_d30998